=LDR 00000nam 2200000 4500 =001 INLIS000000000049629 =005 20170306114036.0 =006 =007 =008 =020 ##$$a 978 - 602 - 1430 - 1 - 7 =035 ##$$0010-031700000000074 =040 ##$$a NBPDMAT =082 ##$$a 158 1 =084 ##$$a 158 1 Amn t =100 ##$$a Aninisa Mardatillah =245 ##$$a Think And Grow Slicces by soft skill / $c ooh Annisa Mardatillah =260 ##$$a Surakarta : $b Aryhacko Sinergi Persada, 2014 =300 ##$$a xi, 152 hlm,; $c ilus : $b 14 cm =500 ##$$a Biliografi : hlm 144 - 147 =650 ##$$a Sukses Pribadi